| 000 | 00468nam a2200181 a 4500 | ||
|---|---|---|---|
| 001 | 1765966326864 | ||
| 003 | ACL | ||
| 005 | 20251217154517.0 | ||
| 008 | 251217s1998##################000#0#eng## | ||
| 020 | _a9780812992588 | ||
| 082 | 0 | 4 |
_a641.5638 _bSCH |
| 100 | 1 |
_aSchlesinger, Sarah, _eauthor. |
|
| 245 | 1 | 0 | _a500 (practically) Fat-free One-pot Recipes : |
| 260 |
_bVillard, _c1998. |
||
| 650 | 0 | _aCasserole cooking. | |
| 942 | _cENGLISH | ||
| 040 |
_aACL _beng _cACL |
||
| 999 |
_c603019 _d603019 |
||